Begins and Ends with 'D' II Quiz Stats

 Plays Quiz Updated May 16, 2019

Score 0/18 Timer 05:00
4 Plays Today
Hint Word % Correct
Trump, Rumsfeld, or Duck, e.g.Donald
97.3%
Motorola smartphone, C3PO, or R2D2, e.g.droid
80.2%
To shield, guard, or stand up fordefend
78.2%
Go down, like a flight of stairs or into madnessdescend
78%
According to the Hebrew Bible, the second king of IsraelDavid
76.4%
Germany, to a GermanDeutschland
74.4%
Meatloaf found 'Paradise' by the light of this car instrument panelDashboard
66.2%
Render speechless with amazementdumbfound
63.4%
A stupid person or a fan of Jerry Garciadeadhead
62.6%
Hint Word % Correct
A great fear usually of impending evil; accompanied with the Pirate Robertsdread
58.9%
301 or Cricket is played on this, often in pubsdartboard
58.5%
A vehicle found in 'The Call of the Wild' or the Iditaroddogsled
57.2%
Towering sandwich named for comic strip character married to Blondie BoopadoopDagwood
54.7%
HBO television western drama set in South DakotaDeadwood
54.1%
A lack of harmony or agreementdiscord
53.6%
Break up a group of people or armed forcedisband
40.3%
This Double D attraction might be a good vacation destination after working '9 to 5'Dollywood
31.6%
Any crustacean having five pairs of walking legs, such as lobstersdecapod
14.9%

You're not logged in!

Compare scores with friends on all Sporcle quizzes.
OR
Log In

Show Comments

Extras

Top Quizzes Today


Score Distribution

Your Account Isn't Verified!

In order to create a playlist on Sporcle, you need to verify the email address you used during registration. Go to your Sporcle Settings to finish the process.

Report this User

Report this user for behavior that violates our Community Guidelines.

Details: